|
|
|
แสดงรายละเอียดบรรณานุกรม |
|
|
Brief Record
: Get Marc (ISO 2709)
: E-mail record
: |
|
|
| LEADER 01174nam 2200277 a 4500 | |||
| 001 23327 | |||
| 003 ULIBM | |||
| 008 030417s2004 caua sb 001 0 eng | |||
| 082 ^a895.912^bม-บ | |||
| 100 ^aมนตรี (ทรัพย์), พระมหา | |||
| 245 ^aบทละครเรื่อง"ระเด่นลันได" /^cพระมหามนตรี (ทรัพย์) | |||
| 260 ^aกรุงเทพฯ:^bศิลปาบรรณาคาร,^cม.ป.ป. | |||
| 300 ^a26 หน้า | |||
| 913 ^aImported by ULIBM Administrator | |||
| 949 ^aImport form external file by ULIBM system | |||
| คุณยังไม่ได้ล็อกอิน คุณสามารถมีกิจกรรมร่วมกับเว็บไซต์ได้ แต่ต้องล็อกอินก่อน :: |
|
| สถานะ | |||||||||
| 1. | หนังสือ | 895.912 ม-บ 2004 Barcode: 047456 | ►หนังสือทั่วไป | On Shelf ขอยืม | |||||
| 2. | หนังสือ | 895.912 ม-บ 2004 Barcode: 047457 | ►หนังสือทั่วไป | On Shelf ขอยืม | |||||
| 3. | หนังสือ | 895.912 ม-บ 2004 Barcode: 047458 | ►หนังสือทั่วไป | On Shelf ขอยืม | |||||
| 4. | หนังสือ | 895.912 ม-บ 2004 Barcode: 047459 | ►หนังสือทั่วไป | On Shelf ขอยืม | |||||
| 5. | หนังสือ | 895.912 ม-บ 2004 Barcode: 047460 | ►หนังสือทั่วไป | On Shelf ขอยืม | |||||
| 6. | หนังสือ | 895.912 ม-บ 2004 Barcode: 047461 | ►หนังสือทั่วไป | On Shelf ขอยืม | |||||
| 7. | หนังสือ | 895.912 ม-บ 2004 Barcode: 047462 | ►หนังสือทั่วไป | On Shelf ขอยืม | |||||
| 8. | หนังสือ | 895.912 ม-บ 2004 Barcode: 047463 | ►หนังสือทั่วไป | On Shelf ขอยืม | |||||
| 9. | หนังสือ | 895.912 ม-บ 2004 Barcode: 047464 | ►หนังสือทั่วไป | On Shelf ขอยืม | |||||
| 10. | หนังสือ | 895.912 ม-บ 2004 Barcode: 047465 | ►หนังสือทั่วไป | On Shelf ขอยืม | |||||
| 11. | หนังสือ | 895.912 ม-บ 2004 Barcode: 047467 | ►หนังสือทั่วไป | On Shelf ขอยืม | |||||
| 12. | หนังสือ | 895.912 ม-บ 2004 Barcode: 047468 | ►หนังสือทั่วไป | On Shelf ขอยืม | |||||
| | |||||||||

| รายการใกล้เคียง ผู้แต่ง [มนตรี (ทรัพย์), พระมหา]
|
BibComment |
| คอมเมนท์ทรัพยากรรายการนี้ |
|
|
ห้องสมุดโรงเรียนสามัคคีวิทยาคม
159 ถ.บรรพปราการ ต.เวียง อ.เมือง จ.เชียงราย 57000
โทร. 053-711018 โทรสาร 053-713003